000 01729nam a2200265 i 4500
001 000037999
003 DO-SdBNP
005 20241029141642.0
007 ta
008 130311e2012 dr ahoc 000 0 spa d
020 _a9789945877564
040 _aDO-SdBNP
_bspa
_cBNPHU
_erda
082 4 _axxx
_bC929h
_222
245 0 3 _aEl crimen de la Hacienda María :
_bexpediente de extradición de Ramfis Trujillo y compartes /
_cIntroducción, Franklin Franco
264 4 _aSanto Domingo :
_bMuseo Memorial de la Resistencia Dominicana,
_c2012.
300 _a532 páginas ;
_bIlustraciones, facsímil, retratos ;
_c26 cm.
336 _atexto
_btxt
_2rdacontent
337 _asin mediación
_bn
_2rdamedia
338 _avolumen
_bnc
_2rdacarrier
500 _aIncluye índice onomástico
505 _aPresentación--
_t Introducción--
_tSobre la transcripción--
_tPresentación del expediente--
_tSolicitud de extradición--
_t- Fotografías de los héroes--
_tI. Inicio del proceso--
_tII. Interrogatorios hechos a inculpados--
_tIII. Testimonios--
_t IV. Fotografías y datos personales de los inculpados, mandamientos dictados contra estos de acuerdo con el procedimiento criminal dominicano y piezas relativas a la ejecución de los mismos--
_tV. Defunciones de las víctimas--
_t VI. Certificaciones que dan autenticidad a las copias que constituyen el presente expediente sobre extradición y sobre las firmas de los funcionario judiciales actuantes--
_tVII. Exposición judicial sumario de los hechos, autos, piezas relativas a la tramitación de este expediente sobre extradición e índice del mismo.
590 _aInventariado 2023 / MF
700 1 _aFranco, Franklin J.,
_d1936-
_eIntroducción
_4int.
_934417
942 _2ddc
_cLBS1
999 _c37489
_d37489